000 00359pab a2200133 454500
008 180718b1988 xxu||||| |||| 00| 0 eng d
245 _aSpecial issue on farmer power
_bA symposium on the growing unrest in the countryside
260 _c1988
300 _a12-53
362 _aDec.
650 _aPeasant Uprisings - India
773 _aSeminar
909 _a14758
999 _c14758
_d14758